Gaming Quiz

Random Gaming or Pokémon Quiz

Pokémon Moves (Gen I) Quiz Stats

 Plays Quiz Updated Nov 19, 2019

Support Sporcle.
Go Orange.
Score 0/178 Timer 12:00
34 Plays Today
Pokémon Move % Correct
BulbasaurTackle
93.6%
SquirtleTackle
93.6%
GeodudeTackle
93.6%
StaryuTackle
93.6%
MagikarpTackle
93.6%
GyaradosTackle
93.6%
VaporeonTackle
93.6%
PikachuThunder
88%
CharmanderEmber
84.6%
SquirtleWater Gun
83.8%
StaryuWater Gun
83.8%
VaporeonWater Gun
83.8%
CharmanderScratch
83.6%
DiglettScratch
83.6%
BulbasaurVine Whip
82.7%
CharmanderFlamethrower
81.8%
BulbasaurGrowl
78.3%
CharmanderGrowl
78.3%
PikachuGrowl
78.3%
DiglettGrowl
78.3%
CuboneGrowl
78.3%
MewtwoPsychic
76.9%
MewPsychic
76.9%
DiglettDig
74.8%
PikachuThundershock
74.3%
BulbasaurPoison Powder
74.3%
ButterfreePoison Powder
74.3%
PikachuThunderbolt
74.1%
SquirtleBubble
73.9%
SquirtleHydro Pump
72.7%
StaryuHydro Pump
72.6%
GyaradosHydro Pump
72.6%
VaporeonHydro Pump
72.6%
Mr. MimeConfusion
70.8%
MewtwoConfusion
70.8%
ButterfreeConfusion
70.8%
BulbasaurRazor Leaf
70.5%
MagikarpSplash
70.1%
BulbasaurSleep Powder
69.7%
PidgeyGust
69.7%
ButterfreeGust
69.7%
ButterfreeSleep Powder
69.7%
PidgeyWing Attack
68.9%
ZubatWing Attack
68.9%
SquirtleTail Whip
68.8%
PikachuTail Whip
68.8%
CuboneTail Whip
68.8%
VaporeonTail Whip
68.8%
HitmonchanIce Punch
68.1%
JynxIce Punch
68.1%
GeodudeRock Throw
67.8%
HitmonchanFire Punch
67.4%
DiglettEarthquake
66.3%
GeodudeEarthquake
66.3%
BulbasaurLeech Seed
65%
PikachuThunder Wave
64%
DratiniThunder Wave
64%
SquirtleBite
63.9%
GyaradosBite
63.9%
ZubatBite
63.9%
Pokémon Move % Correct
VaporeonBite
63.9%
PidgeyQuick Attack
63.8%
PikachuQuick Attack
63.8%
VaporeonQuick Attack
63.8%
BulbasaurSolarbeam
63.6%
CharmanderLeer
62.8%
Farfetch'dLeer
62.8%
CuboneLeer
62.8%
MoltresLeer
62.8%
GyaradosLeer
62.8%
DratiniLeer
62.8%
HitmonchanThunder Punch
62.4%
ZubatLeech Life
61.2%
GyaradosDragon Rage
61.2%
DratiniDragon Rage
61.2%
Farfetch'dPeck
59.6%
MoltresPeck
59.6%
PidgeySand Attack
58.9%
DiglettSand Attack
58.9%
Farfetch'dSand Attack
58.9%
VaporeonSand Attack
58.9%
CharmanderFire Spin
58.7%
MoltresFire Spin
58.7%
ButterfreeStun Spore
58.5%
CharmanderSlash
55.5%
DiglettSlash
55.5%
Farfetch'dSlash
55.5%
GastlyLick
54.6%
JynxLick
54.6%
GrimerSludge
54.4%
ButterfreePsybeam
54.3%
PidgeyAgility
53.5%
PikachuAgility
53.5%
Farfetch'dAgility
53.5%
HitmonchanAgility
53.5%
MoltresAgility
53.5%
DratiniAgility
53.5%
GastlyHypnosis
49.3%
HitmonchanMega Punch
47.4%
MewMega Punch
47.4%
JynxBlizzard
47.1%
GyaradosHyper Beam
47.1%
DratiniHyper Beam
47.1%
SquirtleWithdraw
47%
GastlyConfuse Ray
46.6%
ZubatConfuse Ray
46.6%
HitmonleeHi Jump Kick
46%
GeodudeHarden
45.6%
GrimerHarden
45.6%
StaryuHarden
45.6%
GrimerPound
45.1%
JynxPound
45.1%
MewPound
45.1%
GeodudeDefense Curl
44.1%
GastlyDream Eater
43.5%
ZubatSupersonic
42.6%
ButterfreeSupersonic
42.6%
HitmonleeMega Kick
42.2%
PikachuSlam
41.6%
DratiniSlam
41.6%
Pokémon Move % Correct
PidgeyWhirlwind
41.4%
ButterfreeWhirlwind
41.4%
GastlyNight Shade
40.5%
SquirtleSkull Bash
38.8%
CuboneBone Club
37.1%
PikachuLight Screen
37%
StaryuLight Screen
37%
Mr. MimeLight Screen
37%
GrimerPoison Gas
36.8%
JynxBody Slam
36.5%
VaporeonHaze
36.3%
ZubatHaze
36.3%
StaryuSwift
35.5%
MewtwoSwift
35.5%
Mr. MimeBarrier
35.4%
MewtwoBarrier
35.4%
MoltresSky Attack
35%
GeodudeSelfdestruct
35%
PikachuDouble Team
34.8%
HitmonleeDouble Kick
34.4%
CharmanderRage
34.2%
CuboneRage
34.2%
DratiniWrap
33.8%
CuboneBonemerang
33.7%
CuboneHeadbutt
33.7%
VaporeonAurora Beam
33.1%
GrimerScreech
32.7%
MewTransform
32.4%
HitmonleeJump Kick
32.2%
GeodudeExplosion
31.6%
Mr. MimeDouble Slap
30.2%
JynxDouble Slap
30.2%
StaryuRecover
30.2%
MewtwoRecover
30.2%
GrimerMinimize
30.1%
StaryuMinimize
30.1%
GrimerAcid Armor
29.9%
VaporeonAcid Armor
29.9%
PidgeyMirror Move
29%
MewtwoMist
28.4%
HitmonleeRolling Kick
24.7%
BulbasaurGrowth
24.6%
JynxLovely Kiss
23.4%
HitmonchanComet Punch
23.2%
MewMetronome
21.8%
Farfetch'dSwords Dance
21.5%
CuboneThrash
20.9%
JynxThrash
20.9%
HitmonleeMeditate
20.8%
CuboneFocus Energy
20.8%
HitmonleeFocus Energy
20.8%
Mr. MimeMeditate
20.7%
MewtwoAmnesia
19.6%
Farfetch'dFury Attack
19.3%
HitmonchanCounter
19%
GrimerDisable
15.3%
MewtwoDisable
15.3%
Mr. MimeSubstitute
13.8%

You're not logged in!

Compare scores with friends on all Sporcle quizzes.
OR
Log In

From the Vault

Notre Dame Football Opponents ('00s & '10s)

by weinspaz

Just typing in 'Rudy' won't give you all the answers here.
Remove Ads.
Support Sporcle.
Get the best of Sporcle when you Go Orange. This ad-free experience offers more features, more stats, and more fun while also helping to support Sporcle. Thank you for becoming a member.

Show Comments

Extras

Top Quizzes Today


Score Distribution

Your Account Isn't Verified!

In order to create a playlist on Sporcle, you need to verify the email address you used during registration. Go to your Sporcle Settings to finish the process.

Report this User

Report this user for behavior that violates our Community Guidelines.

Details: